00998nmc a2200301 a 4500003000900000005001700009008004100026020001800067040001300085100002900098245007100127250001200198260003000210300002400240490001400264500005700278500006600335500003100401504002700432650002100459650002600480650003500506650003400541650003700575653002600612653002800638700003000666AR-BaBNM20251128205224.0011101s1996 ||||||||||||||000 | spa|| a950-701-345-8 cAR-BaBNM1 aDevalle de Rendo, Alicia10aLa residencia de docentesbuna alternativa de profesionalización a1ª ed. aBuenos AiresbAiquec19960 a248 p.bdiagr., il. 0aGestión0 aProyecto D.A.R.: DOCENTES ACOMPANADOS POR RESIDENTES0 aContiene como anexo los materiales que documental el proyecto0 aContiene glosario en p. 11 aBibliografía: p. 245 4aPRACTICA DOCENTE 4aFORMACION DE DOCENTES 4aPERFIL PROFESIONAL DEL DOCENTE 4aPLAN DE FORMACION DE DOCENTES 4aSUPERVISORES DE PRACTICA DOCENTE aGESTION INSTITUCIONAL aFORMACION DE FORMADORES1 aSouto, Martaeprologuista